Normal view
MARC view
- PLOS
Entry Personal Name
001 - CONTROL NUMBER
- control field: 15218
003 - CONTROL NUMBER IDENTIFIER
- control field: NUST
005 - DATE AND TIME OF LATEST TRANSACTION
- control field: 20190620104356.0
008 - FIXED-LENGTH DATA ELEMENTS
- fixed length control field: 190620|| aca||aabn | a|a d
040 ## - CATALOGING SOURCE
- Original cataloging agency: NUST
- Transcribing agency: NUST
100 ## - HEADING--PERSONAL NAME
- Personal name: PLOS
670 ## - SOURCE DATA FOUND
- Source citation: Work cat.: (NUST): PLOS, PLOS An Introduction to Programming for Bioscientists:A Python -based Primer , 2016
